U.S. interests and policies in the Caribbean and Central America /

Bibliographic Details
Main Author: Domínguez, Jorge I., 1945-
Format: Book
Language:English
Published: Washington : American Enterprise Institute for Public Policy Research, [1982]
Series:AEI special analyses ; no. 81-9.
Subjects:

MARC

Tag First Indicator Second Indicator Subfields
LEADER 00000cam a2200000 a 4500
001 in00000088299
005 20151008063128.0
008 820331s1982 dcu b 00010 eng d
010 |a  82070073  
020 |a 0844710970 
035 |a (OCoLC)08294183 
035 |9 AAK1637AM 
040 |a YSM  |c YSM  |d OCL  |d TXA  |d UtOrBLW 
043 |a n-us---  |a nc-----  |a cc----- 
049 |a TXAM  |c [1655872] 
090 |a F1436.8  |b  D65 
100 1 |a Domínguez, Jorge I.,  |d 1945- 
245 1 0 |a U.S. interests and policies in the Caribbean and Central America /  |c Jorge I. Dominguez. 
264 1 |a Washington :  |b American Enterprise Institute for Public Policy Research,  |c [1982] 
264 4 |c ©1982 
300 |a 55 pages ;  |c 25 cm. 
336 |a text  |b txt  |2 rdacontent 
337 |a unmediated  |b n  |2 rdamedia 
338 |a volume  |b nc  |2 rdacarrier 
490 1 |a AEI special analyses ;  |v 81-9 
504 |a Includes bibliographical references. 
651 0 |a Central America  |x Foreign relations  |z United States. 
651 0 |a United States  |x Foreign relations  |z Central America. 
651 0 |a United States  |x Foreign relations  |z Caribbean Area. 
651 0 |a Caribbean Area  |x Foreign relations  |z United States. 
830 0 |a AEI special analyses ;  |v no. 81-9. 
999 |a MARS 
999 f f |s 6952ae78-4701-33d3-9f88-19e4b51a0a44  |i f3c9f80d-5acb-3292-9700-47f3091f463d  |t 0 
952 f f |p ric  |a Texas A&M University  |b Rellis Campus  |c Joint Library Facility  |d Remote Storage  |t 0  |e F1436.8 D65  |h Library of Congress classification  |i unmediated -- volume  |m A14805983284 
998 f f |a F1436.8 D65  |t 0  |l Remote Storage